Municípios do Acre em um Mapa - Statistics

Estatísticas Gerais
  • Esse quiz foi jogado 3 201 vezes
  • A pontuação média é 12 de 22
Respostas no mapa
Respostas codificadas por cores de uma escala verde-vermelha no mapa do quiz de acordo com a % correta abaixo.
 
Estatísticas das Respostas
Município % Correto
Rio Branco
97%
Cruzeiro do Sul
78%
Acrelândia
65%
Sena Madureira
62%
Feijó
60%
Assis Brasil
54%
Xapuri
53%
Brasiléia
52%
Santa Rosa do Purus
49%
Tarauacá
49%
Epitaciolândia
48%
Mâncio Lima
48%
Porto Acre
48%
Capixaba
47%
Plácido de Castro
46%
Senador Guiomard
46%
Porto Walter
45%
Jordão
42%
Manoel Urbano
42%
Marechal Thaumaturgo
42%
Bujari
41%
Rodrigues Alves
41%
Nenhum quiz correspondente encontrado
Distribuição das Pontuações
Porcentagem de Pessoas com Cada Pontuação
Percentil de Números Respondidos
Sua Pontuação Histórica
Você não jogou esse quiz